Management of voice transmission on ethernet /
Saved in:
| Main Author: | |
|---|---|
| Format: | Thesis Book |
| Language: | English |
| Published: |
1993.
|
| Subjects: | |
| Tags: |
Add Tag
No Tags, Be the first to tag this record!
|
| LEADER | 00927cam a2200265 a 4500 | ||
|---|---|---|---|
| 001 | u340712 | ||
| 003 | SIRSI | ||
| 008 | 931125s1993 si v 00 1 eng m | ||
| 035 | |a ABQ-7960 | ||
| 040 | |a UMM | ||
| 043 | |a a-si--- | ||
| 090 | |a TK6401 |b Nai | ||
| 100 | 1 | 0 | |a Nainar, Shameem Banu. |
| 245 | 1 | 0 | |a Management of voice transmission on ethernet / |c by Shameem Banu Nainar. |
| 260 | |c 1993. | ||
| 300 | |a vi, 147 leaves : |b ill. ; |c 30 cm. | ||
| 502 | |a Dissertation (M.Sc.) -- National University of Singapore, 1993. | ||
| 504 | |a Bibliography: leaves 78-79. | ||
| 650 | 0 | |a Ethernet (Local area network system) | |
| 650 | 0 | |a Digital telephone systems. | |
| 650 | 0 | |a Local area networks (Computer networks) |z Singapore. | |
| 650 | 0 | |a Integrated services digital networks |z Singapore. | |
| 948 | |a 25/11/1993 |b 25/11/2000 | ||
| 596 | |a 1 | ||
| 999 | |a F TK6401 NAI |w LC |c 1 |i A504497156 |d 13/10/1999 |l STACKS |m P01UTAMA |n 1 |r Y |s Y |t TESIS |u 30/12/1993 | ||
